| 000 | 00755nam a2200193 a 4500 | ||
|---|---|---|---|
| 008 | 100906s1976 ||||||||||||||||| || u | ||
| 020 | _a0850921104 | ||
| 050 | _aCOMM(02) | ||
| 110 | _aCommonwealth Secretariat | ||
| 245 | 1 | 0 | _aEmployment: problems and strategies: special issue |
| 260 |
_aLondon: _bCommonwealth Secretariat _c1976 |
||
| 300 | _aiv, 77p.: ill. | ||
| 350 | _a0.00 | ||
| 490 | _aCommonwealth Youth Programme Employment | ||
| 650 | _aAPPLICATIONS FOR EMPLOYMENT | ||
| 650 | _aUNEMPLOYMENT--REGIONAL DISPARITIES | ||
| 650 | _aYOUTH EMPLOYMENT--AGRICULTURE SECTOR--ASIA | ||
| 995 |
_D0.00 _FCBU-MAIN LIBRARY (Kitwe) _H1 _I0.00 _M1 _UAVAILABLE _WSep 6, 2010 _ZInternational Publications |
||
| 999 |
_c41787 _d41787 |
||